De Charaña a La Haya: Chile entre la aspiración marítima de Bolivia y la demanda marítima del Perú

Gespeichert in:
Bibliographische Detailangaben
1. Verfasser: Rodríguez Elizondo, José (autor)
Format: Buch
Sprache:Spanisch
Veröffentlicht: Santiago La Tercera Ediciones 2009
Santiago Planeta Chilena 2009
Ausgabe:1a. ed
Schlagworte:
Tags: Tag hinzufügen
Keine Tags, Fügen Sie den ersten Tag hinzu!

MARC

LEADER 00000nam a2200000 a 4500
001 UCH2393
003 CL-VaPUC
008 090611e20090000cl |||||||||||||||||spa|d
020 |a 9789562474672 
082 0 4 |a 341.45  |b ROD  |2 21 
100 |a Rodríguez Elizondo, José  |e autor  |9 331463 
245 1 0 |a De Charaña a La Haya: Chile entre la aspiración marítima de Bolivia y la demanda marítima del Perú 
250 |a 1a. ed 
300 |a 389 p 
942 |c BK 
945 |d 20090611 00:00:00  |a cmena 
260 |a Santiago  |b La Tercera Ediciones  |c 2009 
260 |a Santiago  |b Planeta Chilena  |c 2009 
650 0 |a Derecho internacional  |9 255637 
650 0 |a Diplomacia  |9 256483 
650 7 |a CONFLICTOS INTERNACIONALES  |2 CL-VaPUC  |9 334143 
650 0 |a Relaciones Internacionales  |9 255740 
650 7 |a CONFLICTOS LIMITROFES  |2 CL-VaPUC  |9 537176 
651 7 |a CHILE  |2 CL-VaPUC  |9 537177 
651 0 |a Bolivia  |9 255454 
651 0 |a Perú  |9 256567 
583 |a last modification  |c 20171227 01:42:25  |k Rodrigo Vera 
999 |c 334134  |d 334132